قوة الثقة بالنفس / (رقم التسجيلة. 130603)

تفاصيل مارك
000 -الفاتح
عناصر البيانات ثابتة الطول 00648cam a2200205 i 4500
005 - تاريخ ووقت آخر معاملة
حقل ضبط 20251110105031.0
008 - عناصر البيانات ثابتة الطول
عناصر البيانات ثابتة الطول 250721s2012 ua gr 000 0 ara d
041 1# - كود اللغة
كود اللغة لنص/مسار صوت أو عنوان منفصل ara
كود اللغة للأصل eng
082 14 - رقم تصنيف ديوي العشري
رقم التصنيف 158
رقم المادة ه ي ل
100 1# - مدخل رئيسي – اسم شخصي
الاسم الشخصي هيل، أنتوني
علاقة الشخص بالعمل/ دوره مؤلف
245 10 - بيان العنوان
العنوان قوة الثقة بالنفس /
بيان المسؤولية تأليف هند محمد.
250 ## - بيان الطبعة
بيان الطبعة الطبعة الاولى.
264 31 - بيانات النشر، التوزيع…إلخ
مكان النشر، التوزيع...إلخ مصر :
اسم الناشر، الموزع...إلخ دار المشرق،
تاريخ النشر، التوزيع...إلخ 2012.
300 ## - الوصف المادي
عدد الوحدات المكونة للوعاء 208 صفحة.
650 17 - مدخل إضافي بالموضوع - مصطلح موضوعي
مصطلح موضوعي أو اسم جغرافي كعنصر مدخل علم النفس التطبيقي.
653 ## - رأس موضوع – غير مقيد
المصطلح / رأس الموضوع غير المقيد الثقة بالنفس.
700 1# - مدخل إضافي - اسم شخصي
الاسم الشخصي محمد، هند
علاقة الشخص بالعمل/ دوره مترجم.
942 ## - بيانات إضافية (كوها)
نوع التنصيف Dewey Decimal Classification
نوع المادة (كوها) كتب
المقتنيات
حالة السحب حالة الفقدان مصدر التصنيف حالة التلف غير قابل للإعارة المكتبة الرئيسية المكتبة الحالية موقع الرف تاريخ التزويد الرقم المتسلسل Total Checkouts رقم الإستدعاء الباركود تاريخ آخر ظهور تاريخ الفاتورة نوع المادة (كوها)
    Dewey Decimal Classification     المكتبة المركزية المكتبة المركزية الإعارة 28/07/2025 1586373   158 / ه ي ل PLD00310537 28/07/2025 28/07/2025 كتب
Implemented & Customized by: BBB with SCIT (Smart Chains for Information Technology)

Powered by Koha